[Event "Krasnoyarsk Region-ch"]
[Site "Krasnoyarsk"]
[Date "2015.10.17"]
[Round "10"]
[White "Sholokhov, Anatoly"]
[Black "Resmyatova, Antonina"]
[Result "1/2-1/2"]
[WhiteElo "2048"]
[BlackElo "2035"]
[PlyCount "63"]
[EventDate "2015.10.??"]
[EventType "swiss"]
[EventRounds "11"]
[EventCountry "RUS"]
[SourceTitle "CBM 169 Extra"]
[Source "ChessBase"]
[SourceDate "2015.12.18"]
[SourceVersion "1"]
[SourceVersionDate "2015.12.18"]
[SourceQuality "1"]

1. e4 d6 2. d4 Nf6 3. Nc3 e5 4. dxe5 dxe5 5. Qxd8+ Kxd8 6. f3 Be6 7. Be3 Nbd7 8. a3 c6 9. Nge2 Kc7 10. Nc1 Ne8 11. Nb3 f6 12. Be2 Nd6 13. Nc5 Nxc5 14. Bxc5 Nc4 15. Bxf8 Rhxf8 16. Bxc4 Bxc4 17. Rd1 Rad8 18. Kf2 a5 19. Rxd8 Rxd8 20. Rd1 Rd4 21. Ke3 Rxd1 22. Nxd1 Kd6 23. Nf2 Be6 24. Nd3 c5 25. Nc1 b6 26. Ne2 b5 27. g3 b4 28. axb4 axb4 29. Nc1 c4 30. c3 b3 31. Ne2 g6 32. g4 1/2-1/2

[Event "Novokuznetsk SFO-ch U17 Girls"]
[Site "Novokuznetsk"]
[Date "2014.11.08"]
[Round "7"]
[White "Resmyatova, Antonina"]
[Black "Baraeva, Irina"]
[Result "1-0"]
[WhiteElo "1887"]
[BlackElo "1721"]
[PlyCount "161"]
[EventDate "2014.11.02"]
[EventType "swiss"]
[EventRounds "9"]
[EventCountry "RUS"]
[SourceTitle "CBM 163 Extra"]
[Source "ChessBase"]
[SourceDate "2014.12.23"]
[SourceVersion "1"]
[SourceVersionDate "2014.12.23"]
[SourceQuality "1"]

1. d4 d5 2. c4 dxc4 3. e3 e5 4. Bxc4 exd4 5. exd4 Nc6 6. Nf3 Bb4+ 7. Nc3 Nf6 8. 0-0 0-0 9. h3 h6 10. Bf4 Ne7 11. Be5 Ng6 12. Bxf6 Qxf6 13. Nd5 Qd6 14. Qa4 Be6 15. Qxb4 Qxb4 16. Nxb4 Bxc4 17. Rfc1 Be2 18. Rxc7 Nf4 19. Ne5 Ne6 20. Rd7 b6 21. Re1 Bb5 22. Rd6 Rad8 23. Nxf7 Rxd6 24. Nxd6 Nxd4 25. Nxb5 Nxb5 26. Nc6 a5 27. Ne7+ Kf7 28. Nd5 Rc8 29. Re7+ Kg8 30. Re2 Rc1+ 31. Kh2 Ra1 32. a3 Ra2 33. Kg3 Nd4 34. Rd2 Nb3 35. Rc2 Nd4 36. Nc3 Ra1 37. Rd2 Ne6 38. Rd6 Nc5 39. Rxb6 Rc1 40. Rb5 Nd3 41. Ne4 Rc2 42. Rxa5 Rxb2 43. a4 Rb3 44. f3 Ra3 45. Ra8+ Kh7 46. a5 Ne5 47. a6 Nc6 48. Nd6 Nb4 49. a7 Nc6 50. Nb5 Ra5 51. Kf4 Kg6 52. Rc8 Nxa7 53. Nxa7 Rxa7 54. Rc6+ Kf7 55. g4 Ra5 56. h4 Rb5 57. Rd6 Ra5 58. Ke4 Rb5 59. Rd5 Rb4+ 60. Kf5 h5 61. Rd7+ Kf8 62. gxh5 Rxh4 63. Kg5 Rh1 64. f4 Rg1+ 65. Kf5 Rh1 66. Kg6 Rg1+ 67. Kh7 Rh1 68. Rd5 Kf7 69. Rg5 Kf6 70. Kg8 Rh4 71. Rg6+ Kf5 72. Kxg7 Rxh5 73. Rf6+ Kg4 74. Kg6 Rh8 75. Rf7 Rh5 76. Rf8 Rb5 77. f5 Rb6+ 78. f6 Rb5 79. f7 Rb6+ 80. Kg7 Rb5 81. Rg8 1-0

[Event "Novokuznetsk SFO-ch U17 Girls"]
[Site "Novokuznetsk"]
[Date "2014.11.05"]
[Round "4"]
[White "Belenok, Natalia"]
[Black "Resmyatova, Antonina"]
[Result "1/2-1/2"]
[WhiteElo "1757"]
[BlackElo "1887"]
[PlyCount "79"]
[EventDate "2014.11.02"]
[EventType "swiss"]
[EventRounds "9"]
[EventCountry "RUS"]
[SourceTitle "CBM 163 Extra"]
[Source "ChessBase"]
[SourceDate "2014.12.23"]
[SourceVersion "1"]
[SourceVersionDate "2014.12.23"]
[SourceQuality "1"]

1. d4 d6 2. Nf3 Nf6 3. g3 g6 4. Bg2 Bg7 5. 0-0 0-0 6. c4 Nc6 7. Nc3 Bf5 8. d5 Na5 9. Nd2 c5 10. e4 Bd7 11. Qe2 a6 12. f4 Bg4 13. Qd3 Qd7 14. Nf3 Nh5 15. Be3 Rab8 16. a4 Nb3 17. Ra3 Bxf3 18. Rxb3 Bxg2 19. Kxg2 Bxc3 20. Qxc3 Qxa4 21. e5 b5 22. cxb5 axb5 23. g4 Ng7 24. Qc2 Rbc8 25. Rc3 Qxc2+ 26. Rxc2 Rfd8 27. Rd1 h5 28. h3 hxg4 29. hxg4 Ne8 30. Kf3 Ra8 31. Rh2 e6 32. exd6 exd5 33. Rdh1 f6 34. d7 Rxd7 35. Rh8+ Kf7 36. Bxc5 Rdd8 37. Re1 Kg7 38. Rf8 Nd6 39. Rxd8 Rxd8 40. Re7+ 1/2-1/2

[Event "World School-ch U15 Girls 9th"]
[Site "Porto Carras"]
[Date "2013.05.10"]
[Round "5"]
[White "Beinenson, Katsiaryna"]
[Black "Resmyatova, Antonina"]
[Result "1-0"]
[WhiteElo "1970"]
[BlackElo "1824"]
[PlyCount "59"]
[EventDate "2013.05.07"]
[EventType "swiss"]
[EventRounds "9"]
[EventCountry "GRE"]
[SourceTitle "CBM 154 Extra"]
[Source "ChessBase"]
[SourceDate "2013.06.25"]
[SourceVersion "2"]
[SourceVersionDate "2013.06.25"]
[SourceQuality "1"]

1. e4 d6 2. d4 Nf6 3. Nc3 e5 4. Nf3 Nbd7 5. Bc4 Be7 6. 0-0 0-0 7. h3 c6 8. a4 Qc7 9. Re1 Bd8 10. Ba2 b6 11. Nh2 Bb7 12. Nf1 a6 13. Ne3 b5 14. d5 b4 15. dxc6 bxc3 16. cxb7 cxb2 17. Bxb2 Qxb7 18. Ba3 Qxe4 19. Nc4 Qf4 20. Qxd6 Ra7 21. Qd3 Re8 22. Nd6 Bb6 23. Bxf7+ Kh8 24. Bxe8 Bxf2+ 25. Kh1 e4 26. Nxe4 Ne5 27. Qd2 Qxd2 28. Nxd2 Bxe1 29. Rxe1 Nxe8 30. Rxe5 1-0

[Event "Krasnoyarsk-ch"]
[Site "Krasnoyarsk"]
[Date "2013.02.07"]
[Round "7"]
[White "Resmyatova, Antonina"]
[Black "Anikonov, Dmitry"]
[Result "0-1"]
[WhiteElo "1802"]
[BlackElo "2075"]
[PlyCount "78"]
[EventDate "2013.02.01"]
[EventType "tourn"]
[EventRounds "11"]
[EventCountry "RUS"]
[SourceTitle "CBM 153 Extra"]
[Source "ChessBase"]
[SourceDate "2013.04.22"]
[SourceVersion "1"]
[SourceVersionDate "2013.04.22"]
[SourceQuality "1"]

1. Nf3 d6 2. d4 Nc6 3. g3 e5 4. Bg2 g6 5. 0-0 Bg7 6. d5 Nce7 7. e4 f5 8. c4 Nf6 9. Nc3 0-0 10. b4 h6 11. Qb3 g5 12. a4 f4 13. c5 Kh8 14. Rb1 g4 15. Nd2 f3 16. Bh1 Nh7 17. h4 Ng6 18. cxd6 cxd6 19. Nc4 Nxh4 20. Nb5 Rf6 21. Nbxd6 Rxd6 22. Nxd6 Qxd6 23. gxh4 Qf6 24. Bd2 Qxh4 25. Bxf3 gxf3 26. Qxf3 Bh3 27. Qg3 Qh5 28. f4 Rg8 29. Qf3 Qh4 30. Be1 Qxf4 31. Qxf4 exf4 32. Rf3 Ng5 33. Rd3 Be5 34. Bh4 Nxe4+ 35. Kh2 Bf5 36. Rbd1 f3+ 37. Kh1 Rg4 38. Be1 f2 39. Rf3 Rg1# 0-1

[Event "Abaza op"]
[Site "Abaza"]
[Date "2012.07.28"]
[Round "8"]
[White "Martynov, Sergey G"]
[Black "Resmyatova, Antonina"]
[Result "0-1"]
[WhiteElo "2018"]
[BlackElo "1759"]
[PlyCount "48"]
[EventDate "2012.07.21"]
[EventType "swiss"]
[EventRounds "9"]
[EventCountry "RUS"]
[SourceTitle "CBM 149 Extra"]
[Source "ChessBase"]
[SourceDate "2012.08.24"]
[SourceVersion "1"]
[SourceVersionDate "2012.08.24"]
[SourceQuality "1"]

1. e4 d6 2. d4 Nf6 3. Nc3 Nbd7 4. f4 e5 5. Nf3 exd4 6. Qxd4 c6 7. Be3 d5 8. exd5 Bc5 9. Qd3 0-0 10. 0-0-0 cxd5 11. Bxc5 Nxc5 12. Qe3 Qd6 13. h3 Bf5 14. g4 Rfe8 15. Qd2 Nfe4 16. Nb5 Qb6 17. Qh2 Bd7 18. Nbd4 Na4 19. c3 Nexc3 20. bxc3 Nxc3 21. Bd3 Rac8 22. Bc2 Nxa2+ 23. Kd2 Qb4+ 24. Kd3 Qc3# 0-1

[Event "Abaza op"]
[Site "Abaza"]
[Date "2012.07.26"]
[Round "6"]
[White "Resmyatova, Antonina"]
[Black "Khegay, Dmitriy"]
[Result "1/2-1/2"]
[WhiteElo "1759"]
[BlackElo "2199"]
[PlyCount "102"]
[EventDate "2012.07.21"]
[EventType "swiss"]
[EventRounds "9"]
[EventCountry "RUS"]
[SourceTitle "CBM 149 Extra"]
[Source "ChessBase"]
[SourceDate "2012.08.24"]
[SourceVersion "1"]
[SourceVersionDate "2012.08.24"]
[SourceQuality "1"]

1. d4 d5 2. c4 c6 3. Nf3 Nf6 4. Qc2 e6 5. g3 dxc4 6. Qxc4 b5 7. Qc2 Bb7 8. Bg2 Nbd7 9. Nc3 a6 10. Ng5 Qb6 11. 0-0 c5 12. dxc5 Bxc5 13. Nce4 Rc8 14. Qb3 Nxe4 15. Nxe4 Bd5 16. Qd1 Bxe4 17. Bxe4 Nf6 18. Bg2 0-0 19. Bg5 Ng4 20. e3 Ne5 21. Qh5 f6 22. Bf4 Ng6 23. Be4 f5 24. Bf3 Be7 25. Bg5 Bxg5 26. Qxg5 Ne5 27. Bg2 Qd8 28. Qh5 g6 29. Qe2 Qd3 30. Qxd3 Nxd3 31. Bb7 Rb8 32. Rfd1 Nxb2 33. Rd7 Rf7 34. Rxf7 Kxf7 35. Bxa6 Rb6 36. Rb1 Nc4 37. Bxb5 Ke7 38. a4 Na3 39. Rb3 Nxb5 40. Rxb5 Rxb5 41. axb5 e5 42. Kg2 Kd6 43. Kf3 h5 44. e4 Kc5 45. exf5 gxf5 46. h4 Kxb5 47. g4 fxg4+ 48. Ke4 Kc4 49. Kxe5 Kd3 50. Kf4 Ke2 51. Kg3 Kd3 1/2-1/2

[Event "Abaza op"]
[Site "Abaza"]
[Date "2012.07.21"]
[Round "1"]
[White "Resmyatova, Antonina"]
[Black "Kravshenko, Konstantin"]
[Result "0-1"]
[WhiteElo "1759"]
[BlackElo "2134"]
[PlyCount "64"]
[EventDate "2012.07.21"]
[EventType "swiss"]
[EventRounds "9"]
[EventCountry "RUS"]
[SourceTitle "CBM 149 Extra"]
[Source "ChessBase"]
[SourceDate "2012.08.24"]
[SourceVersion "1"]
[SourceVersionDate "2012.08.24"]
[SourceQuality "1"]

1. d4 Nf6 2. c4 e6 3. Nc3 Bb4 4. Bg5 d5 5. e3 Nbd7 6. Nf3 c5 7. a3 Bxc3+ 8. bxc3 Qa5 9. Qc2 Ne4 10. Rc1 Nxg5 11. Nxg5 cxd4 12. exd4 dxc4 13. Ne4 Qxa3 14. Bxc4 0-0 15. 0-0 Qe7 16. Rfe1 Nf6 17. Ng5 h6 18. Nf3 Qc7 19. Qb3 a6 20. Ra1 b5 21. Bxb5 Rb8 22. Qc4 Qb6 23. Bxa6 Qb2 24. Ra2 Bxa6 25. Rxa6 Rb3 26. Qc5 Rxc3 27. Qd6 Rc1 28. Rb6 Rxe1+ 29. Nxe1 Qe2 30. Rb1 Ne4 31. Qf4 Nd2 32. Rc1 Qf1# 0-1